Guess the 1970s song lyrics #93 - Statistics

General Stats
  • This quiz has been taken 16 times
  • The average score is 169 of 275
Answer Stats
Answer % Correct
I
93%
You
93%
you
93%
a
86%
And
86%
me
86%
the
86%
be
71%
of
71%
on
71%
to
71%
Do
64%
do
64%
go
64%
gonna
64%
got
64%
I'm
64%
in
64%
Like
64%
like
64%
want
64%
your
64%
away
57%
dance
57%
Dance
57%
dancing
57%
Dancing
57%
feel
57%
if
57%
Just
57%
life
57%
make
57%
my
57%
night
57%
No
57%
no
57%
wanna
57%
way
57%
where
57%
You've
57%
better
50%
know
50%
right
50%
We'll
50%
don't
43%
hold
43%
home
43%
put
43%
talking
43%
Yeah
43%
Cause
36%
feeling
36%
let
36%
light
36%
our
36%
spell
36%
cute
29%
hanging
29%
lives
29%
tight
29%
walking
29%
Woo
29%
dog
21%
lead
21%
leave
21%
stay
21%
ain't
14%
fingers
14%
four
14%
morning
14%
Shaking
14%
snap
14%
tired
14%
Quarter
7%
spin
7%
string
7%
No matching quizzes found
Score Distribution
Percent of People with Each Score
Percentile by Number Answered
Your Score History
You have not taken this quiz